书目信息 |
| 题名: |
系统可靠性评定方法研究
|
|
| 作者: | 吴和成 著 | |
| 分册: | ||
| 出版信息: | 北京 科学出版社 2006.02 |
|
| 页数: | 219页 | |
| 开本: | 21cm | |
| 丛书名: | ||
| 单 册: | ||
| 中图分类: | N945.17 | |
| 科图分类: | ||
| 主题词: | 系统可靠性--系统评价 , 系统科学 , 系统工程 | |
| 电子资源: | ||
| ISBN: | 7-03-016671-X | |
| 000 | 00624nam0 2200217 450 | |
| 001 | 0634090094 | |
| 005 | 20061010154459.70 | |
| 010 | @a7-03-016671-X@dCNY 26.00 | |
| 100 | @a20060818d2006 km y0chiy0120 ea | |
| 101 | 0 | @achi |
| 102 | @aCN@b110000 | |
| 200 | 1 | @a系统可靠性评定方法研究@Axi tong ke kao xing ping ding fang fa yan jiu@f吴和成著@Fwu he cheng zhu |
| 210 | @a北京@c科学出版社@d2006.02 | |
| 215 | @a219页@d21cm | |
| 606 | 0 | @a系统可靠性@x系统评价 |
| 606 | 0 | @a系统科学 |
| 606 | 0 | @a系统工程 |
| 690 | @aN945.17@v4 | |
| 701 | 0 | @a吴和成@Awu he cheng@4著 |
| 801 | @aCN@c20061010 | |
| 905 | @apdsgxy@dN945.17@eW790 | |
| 系统可靠性评定方法研究/吴和成著.-北京:科学出版社,2006.02 |
| 219页;21cm |
| ISBN 7-03-016671-X:CNY 26.00 |
| ● |
| 相关链接 |
|
|
|
正题名:系统可靠性评定方法研究
索取号:N945.17/W790
 
预约/预借
| 序号 | 登录号 | 条形码 | 馆藏地/架位号 | 状态 | 备注 |
| 1 | 608413 | 206084137 | 期刊室512/401自科库 142排2列6层/ [索取号:N945.17/W790] | 在馆 | |
| 2 | 608414 | 206084146 | 自科库401/401自科库 142排2列6层/ [索取号:N945.17/W790] | 在馆 | |
| 3 | 608415 | 206084155 | 期刊室512/401自科库 142排2列6层/ [索取号:N945.17/W790] | 在馆 |